000 00583 a2200193 4500
005 20260204151135.0
008 260204b |||||||| |||| 00| 0 eng d
020 _a978938881293
_cRs. 3450.00
040 _aMAIN
082 _a638.1
_bD536C
100 _aDharm Singh
245 _aCommercial beekeeping: Production, processing and value addition of beehive products for income and employment generation
260 _bScientific Publishers
_c2024
_aJodhpur
300 _axxviii, 352
650 _aApiculture
650 _aInsect Culture
650 _aBeekeeping
942 _cBK
999 _c395061
_d395061